Woman's Missionary Union / (Record no. 3520)

MARC details
000 -LEADER
fixed length control field 00818cam a2200241 i 4500
001 - CONTROL NUMBER
control field 363664
003 - CONTROL NUMBER IDENTIFIER
control field GBCCL
005 - DATE AND TIME OF LATEST TRANSACTION
control field 20241126110456.0
008 - FIXED-LENGTH DATA ELEMENTS--GENERAL INFORMATION
fixed length control field 770801s1976 tnuc b 001 0deng
010 ## -
-- 77359418
040 ## - CATALOGING SOURCE
Original cataloging agency DLC
Transcribing agency DLC
Modifying agency DLC
050 00 -
-- BV2520.A2
-- S6833 1976
082 00 - DEWEY DECIMAL CLASSIFICATION NUMBER
Classification number 266.613206
Edition information 19
Item number HUN
100 1# - MAIN ENTRY--PERSONAL NAME
Personal name Hunt, Alma.
9 (RLIN) 3559
245 10 - TITLE STATEMENT
Title Woman's Missionary Union /
Statement of responsibility, etc. Alma Hunt.
260 ## - PUBLICATION, DISTRIBUTION, ETC.
Place of publication, distribution, etc. Alabama :
Name of publisher, distributor, etc. Southern Baptist Convention,
Date of publication, distribution, etc. c1976.
300 ## - PHYSICAL DESCRIPTION
Extent 117 p. :
Other physical details ports. ;
Dimensions 21 cm.
500 ## - GENERAL NOTE
General note "This is a course in the subject area Missions of the Church study course."
504 ## - BIBLIOGRAPHY, ETC. NOTE
Bibliography, etc. note Includes bibliographical references and index.
610 20 - SUBJECT ADDED ENTRY--CORPORATE NAME
Corporate name or jurisdiction name as entry element Southern Baptist Convention.
Subordinate unit Woman's Missionary Union.
9 (RLIN) 5445
906 ## - LOCAL DATA ELEMENT F, LDF (RLIN)
a 7
b cbc
c orignew
d 2
e ncip
f 19
g y-gencatlg
942 ## - ADDED ENTRY ELEMENTS (KOHA)
Source of classification or shelving scheme Dewey Decimal Classification
Koha item type Books
Koha issues (borrowed), all copies 1
Holdings
Withdrawn status Lost status Source of classification or shelving scheme Damaged status Not for loan Home library Current Library Shelving location Date acquired Total checkouts Full call number Barcode Date last seen Date last checked out Copy number Price effective from Koha item type
    Dewey Decimal Classification     GRACE BIBLE COLLEGE GRACE BIBLE COLLEGE Ministry & Mission 2017-11-29 1 266.613206 HUN 006578 2025-05-01 2024-09-04 c.1 2017-11-29 Books
© Grace Bible College Library 2025